000
00313nam a2200157Ia 4500
100
_a
Palani/S
650
_a
Signals
942
_c
BK
366
_f
20
654
_a
signals
245
_a
Signals and systems
260
_b
Ane Books India
_c
2009
082
_a
621.2822
_b
PAL
546
_a
ENGLISH
999
_c
23018
_d
23018